10 Największych miast w województwie Lubelskim - Statystyki

Ogólne statystyki
  • Ten quiz został rozwiązany 30 razy
  • Średni wynik to 8 z 10
Statystyki odpowiedzi
Ludność Miasto % Poprawnych
329 565 Lublin
100%
58 231 Zamość
100%
57 214 Chełm
96%
54 453 Biała Podlaska
93%
43 860 Puławy
89%
36 680 Świdnik
85%
24 769 Biłgoraj
78%
31 296 Kraśnik
78%
27 159 Łuków
67%
19 734 Lubartów
63%
Nie znaleziono quizów pasujących do podanych kryteriów
Rozkład punktacji
Procent ludzi z każdym wynikiem
Percentyl według liczby udzielonych odpowiedzi
Twoja historia wyników
Nie rozwiązałeś tego quizu